000 00586nam a2200205Ia 4500
005 20260429112044.0
008 260429s9999||||xx |||||||||||||| ||und||
020 _a9789369679119
041 _aEnglish
082 _a659.144
_bRAI
100 _aRai, Praveen Kumar
245 0 _aDigital advertising :
_bissues and trends in an online world /
_cPraveen Kumar Rai
250 _a1st ed.
260 _aNew Delhi :
_bScientific Books International,
_c2026.
300 _a270 p.; hb
650 _a Advertising
650 _a Online media
650 _aDigital marketing
942 _cTB
999 _c52120
_d52120